| 000 | 02334cam a22004934a 4500 | ||
|---|---|---|---|
| 001 | muse86523 | ||
| 003 | MdBmJHUP | ||
| 005 | 20210127151726.0 | ||
| 006 | m o d | ||
| 007 | cr||||||||nn|n | ||
| 008 | 200531r20201962ncu o 00 0 eng d | ||
| 020 | _a9781469658032 | ||
| 020 | _z1469658038 | ||
| 020 | _z9780807880340 | ||
| 035 | _a(OCoLC)1158007517 | ||
| 040 |
_aMdBmJHUP _cMdBmJHUP |
||
| 050 | 4 |
_aPT1589 _b.M8 1962 |
|
| 100 | 1 |
_aMueller, Werner A. _q(Werner Achilles), _d1903-1999, _eauthor. |
|
| 245 | 1 | 4 |
_aThe Nibelungenlied Today _bIts Substance, Essence, and Significance / _cWener A. Mueller. |
| 264 | 1 | _bProject Muse, | |
| 264 | 3 | _bProject MUSE, | |
| 300 | _a1 online resource (1 EPUB unpaged.) | ||
| 490 | 0 |
_aUNC studies in the Germanic languages and literatures ; _vnumber 34 |
|
| 500 | _aIssued as part of book collections on Project MUSE. | ||
| 504 | _aIncludes bibliographical references. | ||
| 506 | 0 |
_aOpen Access _fUnrestricted online access _2star |
|
| 520 | _aThis thorough study of the moral values of the Nibelungen and of their paradoxical behavior posits the work as an indictment of a society that results time and again in collective human tragedy. Told with tragic insight, yet sympathetically, the epic may well be described as the story of man, the victim of himself. Mueller analyzes the work in three chapters, focused on substance, essence and significance, in order to make the epic poem relevant to a modern audience. | ||
| 588 | _aDescription based on print version record. | ||
| 630 | 0 | 0 | _aNibelungenlied. |
| 650 | 0 | _aNibelungen in literature. | |
| 650 | 0 |
_aEpic poetry, German _xHistory and criticism. |
|
| 655 | 0 | _aElectronic books. | |
| 655 | 7 |
_aElectronic books. _2local |
|
| 710 | 2 |
_aProject Muse, _edistributor. |
|
| 776 | 1 | 8 |
_iPrint version: _w(DLC) 62062960 _z9780807880340 _z0807880345 |
| 710 | 2 |
_aProject Muse. _edistributor |
|
| 830 | 0 |
_aUniversity of North Carolina studies in the Germanic languages and literatures ; _vno. 34. |
|
| 830 | 0 | _aBook collections on Project MUSE. | |
| 856 | 4 | 0 |
_zFull text available: _uhttps://muse.jhu.edu/book/75809/ |
| 999 |
_c26801 _d26801 |
||